000 00424nam a2200157Ia 4500
005 20250623021514.0
008 240331s9999 xx 000 0 und d
020 _a9789554746299
082 _bGUR
_a323
100 _aGuruge, Lionel
245 0 _aPurawes kathikawathkata perawadanak
260 _aColombo
_bCentre for policy Alternative
_c2014
300 _a102 p .,
500 _aA preface to a civic discourse
942 _cL
999 _c5856
_d5856